A legkisebb fiú
Elmentve itt :
| Szerző: | |
|---|---|
| Dokumentumtípus: | Cikk |
| Megjelent: |
1970-12-20
|
| Sorozat: | Délmagyarország
60 No. 298 |
| Kulcsszavak: | Magyar irodalom novella |
| Online Access: | http://dmarchiv.bibl.u-szeged.hu/63789 |
| LEADER | 00445nab a2200157 i 4500 | ||
|---|---|---|---|
| 001 | delm63789 | ||
| 005 | 20180927151241.0 | ||
| 008 | 180927s1970 hu o 0|| hun d | ||
| 040 | |a SZTE Délmagyarország Archívum |b hun | ||
| 041 | |a hun | ||
| 100 | 1 | |a Veress Miklós | |
| 245 | 1 | 2 | |a A legkisebb fiú |h [elektronikus dokumentum] / |c Veress Miklós |
| 260 | |c 1970-12-20 | ||
| 300 | |a 6 | ||
| 490 | 0 | |a Délmagyarország |v 60 No. 298 | |
| 695 | |a Magyar irodalom novella | ||